Responses for Show #5700 - Friday, May 22, 2009

Justin Bernbach game 2.

Contestants

[<< previous game]

Lindsay Barnes, a journalist from Charlottesville, Virginia

Deborah Charles, a retired airline agent from Avenel, New Jersey

Justin Bernbach, a lobbyist from Brooklyn, New York (whose 1-day cash winnings total $21,601)

[next game >>]

Jeopardy! Round responses

FAMOUS AMERICANS
THEIR FIRST TOP 10 SOLO HIT
NUMBER, PLEASE
HOW INVENTIVE
ABSOLUTE ADJECTIVES
THE NEW YORK TIMES TECHNOLOGY
(David Pogue: The amazing world of small, powerful gadgets with me, personal technology columnist David Pogue.)
    $200 6
the Civil War

Deborah
    $200 1
Sting

Lindsay
    $200 7
0

Deborah
    $200 16
Da Vinci

Deborah
    $200 21
pregnant

Lindsay
    $200 26
digital

Lindsay
    $400 12
Ronald Reagan

Lindsay
    $400 2
Justin Timberlake

Deborah
    $400 8
80

Deborah
    $400 17
(Alex: [*]--Superman, [*].)

the Walkman

Triple Stumper
    $400 22
Eternal

Deborah
    $400 27
GPS

Lindsay
    $600 13
(Alexander) Hamilton

Deborah
    $600 3
Glenn Frey

Justin
    $600 9
20

Deborah
    $900 18
Bikini

Deborah
    $600 23
unique

Lindsay
    $600 28
corn

Lindsay
    $800 14
Mir

Justin
    $800 4
Fergie

Lindsay
    $800 10
33 1/3

Justin
    $800 19
the balance beam

Deborah
    $800 24
equal (equals accepted)

Justin
    $800 29
Netflix

Justin
    $1000 15
King

Deborah
    $1000 5
Paul Simon

Justin
    $1000 11
144

Justin
    $1000 20
the compass

Triple Stumper
    $1000 25
(Deborah: What is immoveable?)
(Lindsay: What is inevitable?)
...
(Alex: What is [*]? Mission [*]--IM.)

impossible

DeborahLindsay
Triple Stumper
    $1000 30
a pixel

Lindsay

Scores at the first commercial break (after clue 15):

Justin Deborah Lindsay
$4,200 $3,400 $1,400

Scores at the end of the Jeopardy! Round:

Justin Deborah Lindsay
$5,800 $4,700 $3,400

Double Jeopardy! Round responses

THE SUPER BOWL
THE DOLPHINS
THE GIANTS
THE JETS
THE "BUC"s
SOMEDAY THE SAINTS
    $400 1
Joe Montana

Lindsay
    $400 26
swimming

Lindsay
    $400 6
Baghdad

Justin
    $400 12
a sonic boom

Justin
    $400 7
buckwheat

Lindsay
    $400 17
(Justin: Who is Joan of Arc?)

Bernadette (Soubirous)

JustinDeborah
    $800 2
(Santonio) Holmes

Deborah
    $800 28
the Amazon

Lindsay
    $800 19
a waterfall

Deborah
    $3,200 13
(Alex: You have it! Good at math, too.)

the 767

Justin
    $800 8
(James) Buchanan

Justin
    $800 18
Nicholas

Lindsay
    $1200 3
(Lindsay: What is Detroit?)

Cleveland

JustinLindsay
    $1200 27
the bottlenose

Deborah
    $1200 21
the Caspian

Deborah
    $1200 14
MiGs

Justin
    $1200 9
a buckboard

Deborah
    $1200 20
St. Paul

Lindsay
    $1600 4
a wildcard

Justin
    $3,000 29
the Cousteau Society

Lindsay
    $1600 22
(Alex: [With Irish accent] You'd be traveling on [*], you know--don't you know.)

Ireland

Triple Stumper
    $1600 15
Airbus

Justin
    $1600 10
a turnbuckle

Lindsay
    $1600 24
St. Francis (of Assisi)

Deborah
    $2000 5
Doug Williams

Lindsay
    $2000 30
Herodotus

Triple Stumper
    $2000 23
(Justin: What is Mexico?)

Chile

Justin
Triple Stumper
    $2000 16
afterburners

Lindsay
    $2000 11
Nebuchadnezzar

Justin
    $2000 25
St. James

Triple Stumper

Scores at the end of the Double Jeopardy! Round:

Justin Deborah Lindsay
$15,800 $11,900 $14,800

[wagering suggestions for these scores]

Final Jeopardy! Round responses

20th CENTURY POLITICS
(Alex: It was not a presidential address, but it was a very important speech in this man's career.)
...
(Alex: [Revealing Justin's response] The speech given by Richard Nixon, and it was so effective, it kept him on the Republican ticket.)
DeborahWhat is
$4,500
LindsayWhat is the State of the Union
$14,799
JustinWhat is the Checkers Speech?
$13,900
the Checkers Speech

Final scores:

Justin Deborah Lindsay
$29,700 $7,400 $1
2-day champion: $51,301 2nd place: $2,000 3rd place: $1,000

Game dynamics:

Coryat scores:

Justin Deborah Lindsay
$13,400 $11,600 $13,400
16 R
(including 1 DD),
2 W
18 R
(including 1 DD),
1 W
19 R
(including 1 DD),
2 W

Combined Coryat: $38,400

[game clues] [game scores] [suggest correction]

Game tape date: 2009-02-24
The J! Archive is created by fans, for fans. Scraping, republication, monetization, and malicious use prohibited; this site may use cookies and collect identifying information. See terms. The Jeopardy! game show and all elements thereof, including but not limited to copyright and trademark thereto, are the property of Jeopardy Productions, Inc. and are protected under law. This website is not affiliated with, sponsored by, or operated by Jeopardy Productions, Inc. Join the discussion at JBoard.tv.